<?xml version="1.0" encoding="UTF-8"?>
<collection xmlns:xsi="http://www.w3.org/2001/XMLSchema-instance" xsi:schemaLocation="http://www.loc.gov/MARC21/slim http://www.loc.gov/standards/marcxml/schema/MARC21slim.xsd" xmlns="http://www.loc.gov/MARC21/slim">
 <record>
  <leader>00000cam a22000004a 4500</leader>
  <controlfield tag="001">UP-99796217603117006</controlfield>
  <controlfield tag="003">Buklod</controlfield>
  <controlfield tag="005">20230503092542.0</controlfield>
  <controlfield tag="006">m    |o  d |      </controlfield>
  <controlfield tag="007">ta</controlfield>
  <controlfield tag="008">070111s2006    dcu     rb   |100 0|eng d</controlfield>
  <datafield tag="020" ind1=" " ind2=" ">
   <subfield code="a">9781589065192</subfield>
  </datafield>
  <datafield tag="020" ind1=" " ind2=" ">
   <subfield code="a">1589065190</subfield>
  </datafield>
  <datafield tag="035" ind1=" " ind2=" ">
   <subfield code="a">(iLib)UPD-00000180506</subfield>
  </datafield>
  <datafield tag="040" ind1=" " ind2=" ">
   <subfield code="a">DECON</subfield>
  </datafield>
  <datafield tag="041" ind1=" " ind2=" ">
   <subfield code="a">eng</subfield>
  </datafield>
  <datafield tag="042" ind1=" " ind2=" ">
   <subfield code="a">DMLUC</subfield>
  </datafield>
  <datafield tag="090" ind1=" " ind2=" ">
   <subfield code="a">HC 427</subfield>
   <subfield code="b">C45 2005</subfield>
  </datafield>
  <datafield tag="111" ind1="2" ind2=" ">
   <subfield code="a">Changing Economic Structures in China and India: Domestic and Regional Implications</subfield>
   <subfield code="c">Beijing, China)</subfield>
   <subfield code="d">(2005</subfield>
  </datafield>
  <datafield tag="245" ind1="1" ind2="0">
   <subfield code="a">China and India</subfield>
   <subfield code="b">learning from each other : reforms and policies for sustained growth</subfield>
   <subfield code="c">[editors: Jahangir Aziz, Steven Dunaway, and Eswar Prasad].</subfield>
  </datafield>
  <datafield tag="264" ind1=" " ind2="1">
   <subfield code="a">Washington, D.C.</subfield>
   <subfield code="b">International Monetary Fund</subfield>
   <subfield code="c">c2006.</subfield>
  </datafield>
  <datafield tag="300" ind1=" " ind2=" ">
   <subfield code="a">xv, 281 p.</subfield>
   <subfield code="b">ill.</subfield>
  </datafield>
  <datafield tag="500" ind1=" " ind2=" ">
   <subfield code="a">Selected papers presented at the conference: Changing Economic Structures in China and India: Domestic and Regional Implications, organized by the International Monetary Fund, the China Society for Finance and Banking, and the Stanford Center for International Development, and held in Beijing on Oct. 27-28, 2005.</subfield>
  </datafield>
  <datafield tag="500" ind1=" " ind2=" ">
   <subfield code="a">Editor statement from cover.</subfield>
  </datafield>
  <datafield tag="505" ind1="0" ind2="0">
   <subfield code="t">Fiscal policy in China</subfield>
   <subfield code="t">Reforming China?s banking system: how much can foreign strategic investment help?</subfield>
   <subfield code="t">India-China economic cooperation</subfield>
   <subfield code="t">Banking system structure in China and India</subfield>
   <subfield code="t">Some apparent puzzles for contemporary monetary policy</subfield>
   <subfield code="t">Development of the securities market in India</subfield>
   <subfield code="t">Indian economic development and India-China cooperation</subfield>
   <subfield code="t">Development of securities markets: the Indian experience</subfield>
   <subfield code="t">Accelerating the external and internal opening up of China?s securities industry</subfield>
   <subfield code="t">Labor mobility in China and India: the role of hukou, caste, and community</subfield>
   <subfield code="t">Domestic financial liberalization and international financial integration: an Indian perspective</subfield>
   <subfield code="t">Banking sector reform in India</subfield>
   <subfield code="t">Putting the cart before the horse? Capital account liberalization and exchange rate flexibility in China</subfield>
   <subfield code="r">Arvinder Singh --</subfield>
   <subfield code="r">Steven Dunaway and Annalisa Fedelino --</subfield>
   <subfield code="r">Suman Bery and Kanhaiya Singh --</subfield>
   <subfield code="r">Nalin Surie --</subfield>
   <subfield code="r">Arvind Virmani.</subfield>
   <subfield code="r">Rakesh Mohan --</subfield>
   <subfield code="r">Eswar Prasad, Thomas Rumbaugh, and Qing Wang --</subfield>
   <subfield code="r">Xinghai Fang, Ti Liu, and Donghui Shi --</subfield>
   <subfield code="r">Narendra Jadhav --</subfield>
   <subfield code="r">G.N. Bajpai --</subfield>
   <subfield code="r">Luo Ping --</subfield>
   <subfield code="r">Nicholas Hope and Fred Hu --</subfield>
   <subfield code="r">Nachiket Mor, R. Chandrasekar, and Diviya Wahi --</subfield>
  </datafield>
  <datafield tag="650" ind1=" " ind2="0">
   <subfield code="a">Banks and banking</subfield>
   <subfield code="z">China</subfield>
   <subfield code="v">Congresses.</subfield>
  </datafield>
  <datafield tag="650" ind1=" " ind2="0">
   <subfield code="a">Banks and banking</subfield>
   <subfield code="z">India</subfield>
   <subfield code="v">Congresses.</subfield>
  </datafield>
  <datafield tag="650" ind1=" " ind2="0">
   <subfield code="a">Securities industry</subfield>
   <subfield code="z">China</subfield>
   <subfield code="v">Congresses.</subfield>
  </datafield>
  <datafield tag="650" ind1=" " ind2="0">
   <subfield code="a">Securities industry</subfield>
   <subfield code="z">India</subfield>
   <subfield code="v">Congresses.</subfield>
  </datafield>
  <datafield tag="651" ind1=" " ind2="0">
   <subfield code="a">China</subfield>
   <subfield code="x">Economic policy</subfield>
   <subfield code="v">Congresses.</subfield>
  </datafield>
  <datafield tag="651" ind1=" " ind2="0">
   <subfield code="a">India</subfield>
   <subfield code="x">Economic policy</subfield>
   <subfield code="v">Congresses.</subfield>
  </datafield>
  <datafield tag="651" ind1=" " ind2="0">
   <subfield code="a">China</subfield>
   <subfield code="x">Foreign economic relations</subfield>
   <subfield code="z">India</subfield>
   <subfield code="v">Congresses.</subfield>
  </datafield>
  <datafield tag="651" ind1=" " ind2="0">
   <subfield code="a">India</subfield>
   <subfield code="x">Foreign economic relations</subfield>
   <subfield code="z">China</subfield>
   <subfield code="v">Congresses.</subfield>
  </datafield>
  <datafield tag="700" ind1="1" ind2=" ">
   <subfield code="a">Aziz, Jahangir.</subfield>
  </datafield>
  <datafield tag="700" ind1="1" ind2=" ">
   <subfield code="a">Dunaway, Steven Vincent.</subfield>
  </datafield>
  <datafield tag="700" ind1="1" ind2=" ">
   <subfield code="a">Prasad, Eswar.</subfield>
  </datafield>
  <datafield tag="710" ind1="2" ind2=" ">
   <subfield code="a">International Monetary Fund.</subfield>
  </datafield>
  <datafield tag="842" ind1=" " ind2=" ">
   <subfield code="a">Book</subfield>
  </datafield>
  <datafield tag="905" ind1=" " ind2=" ">
   <subfield code="a">FO</subfield>
  </datafield>
  <datafield tag="852" ind1="0" ind2=" ">
   <subfield code="a">UPD</subfield>
   <subfield code="b">DECON</subfield>
   <subfield code="h">HC 427 C45 2005</subfield>
  </datafield>
  <datafield tag="942" ind1=" " ind2=" ">
   <subfield code="a">Book</subfield>
  </datafield>
 </record>
</collection>
